[Event "Giovanni Pico Cup 7th"]
[Site "Mirandola"]
[Date "2014.01.11"]
[Round "2"]
[White "Ferronato, Christian"]
[Black "Santamato, Luigi"]
[Result "0-1"]
[WhiteElo "1503"]
[BlackElo "1743"]
[PlyCount "76"]
[EventDate "2014.01.10"]
[EventType "swiss"]
[EventRounds "5"]
[EventCountry "ITA"]
[SourceTitle "EXT 2015"]
[Source "ChessBase"]
[SourceDate "2014.11.20"]
[SourceVersion "1"]
[SourceVersionDate "2014.11.20"]
[SourceQuality "1"]

1. d4 d5 2. Nf3 Nf6 3. c4 c6 4. e3 e6 5. Bd3 dxc4 6. Bxc4 b5 7. Bd3 Bb7 8. 0-0 Nbd7 9. Nbd2 a6 10. b3 c5 11. Bb2 Be7 12. Rc1 0-0 13. Bb1 Rc8 14. Qe2 Nd5 15. Rfd1 Qb6 16. Ne5 Nxe5 17. dxe5 Rfd8 18. Qh5 g6 19. Qe2 Bf8 20. h4 Ne7 21. h5 Nf5 22. hxg6 hxg6 23. Bxf5 exf5 24. e4 Qc6 25. f3 f4 26. e6 Qxe6 27. Qf2 g5 28. g4 f6 29. Kg2 Rd7 30. Rh1 Rcd8 31. Rc2 Rd3 32. Kf1 R8d7 33. Ke2 Qd6 34. Bc1 Re3+ 35. Kd1 Qd3 36. Qh2 Bg7 37. Qh7+ Kf8 38. Rh2 Qf1# 0-1

[Event "Giovanni Pico Cup 5th"]
[Site "Mirandola"]
[Date "2012.01.13"]
[Round "1"]
[White "Santamato, Luigi"]
[Black "De Palma, Fabrizio"]
[Result "0-1"]
[WhiteElo "1717"]
[BlackElo "2075"]
[PlyCount "88"]
[EventDate "2012.01.13"]
[EventType "swiss"]
[EventRounds "5"]
[EventCountry "ITA"]
[SourceTitle "EXT 2023"]
[Source "ChessBase"]
[SourceDate "2022.10.05"]
[SourceVersion "1"]
[SourceVersionDate "2022.10.05"]
[SourceQuality "1"]

1. d4 Nf6 2. c4 Nc6 3. g3 e5 4. d5 Ne7 5. Bg2 Ng6 6. Nf3 Bc5 7. 0-0 0-0 8. Nc3 h6 9. e4 a5 10. Qd3 d6 11. h3 Nh7 12. Be3 Bxe3 13. Qxe3 f5 14. exf5 Bxf5 15. c5 Nf6 16. Nd2 Ne7 17. f4 exf4 18. Rxf4 Qd7 19. Kh2 Ng6 20. Rf2 Ne5 21. Qd4 Rae8 22. Nde4 Bxe4 23. Nxe4 Neg4+ 24. hxg4 Rxe4 25. Bxe4 Nxg4+ 26. Kg1 Nxf2 27. Bg2 Qg4 28. Qxg4 Nxg4 29. cxd6 cxd6 30. Re1 Ne5 31. Re2 Rc8 32. Bh3 Rc1+ 33. Kg2 g6 34. Be6+ Kg7 35. Rf2 b5 36. b3 b4 37. g4 g5 38. Re2 Nd3 39. Kf3 Rf1+ 40. Kg2 Rf4 41. Bf5 Rxf5 42. gxf5 Nf4+ 43. Kf3 Nxe2 44. Kxe2 Kf6 0-1